Best NBA Players with No Rings - Statistics

General Stats
  • This quiz has been taken 25 times
  • The average score is 12 of 15
Answer Stats
Rank Team(s) Answer % Correct
11 Toronto Raptors, New Jersey Nets, Orlando Magic, Phoenix Suns, Dallas Mavericks, Memphis Grizzlies, Sacramento Kings, Atlanta Hawks* Vince Carter
100%
3 Philadelphia 76ers, Phoenix Suns, Houston Rockets Charles Barkley
95%
4 Utah Jazz John Stockton
95%
5 Utah Jazz, Los Angeles Lakers Karl Malone
95%
2 Phoenix Suns, Dallas Mavericks, Los Angeles Lakers Steve Nash
95%
13 Oklahoma City Thunder, Houston Rockets* Russell Westbrook
91%
1 Philadelphia 76ers, Denver Nuggets, Detroit Pistons, Memphis Grizzlies Allen Iverson
86%
8 Indiana Pacers Reggie Miller
86%
14 New Orleans Hornets, Los Angeles Clippers, Houston Rockets, Oklahoma City Thunder* Chris Paul
82%
6 New York Knicks, Seattle SuperSonics, Orlando Magic Patrick Ewing
77%
7 Atlanta Hawks, Los Angeles Clippers, Boston Celtics, San Antonio Spurs, Orlando Magic Dominique Wilkins
68%
12 Toronto Raptors, Orlando Magic, Houston Rockets, New York Knicks, Detroit Pistons, Atlanta Hawks, San Antonio Spurs Tracy McGrady
64%
10 Minneapolis/Los Angeles Lakers Elgin Baylor
59%
15 San Antonio Spurs, Chicago Bulls George Gervin
55%
9 Atlanta Hawks, New Orleans/Utah Jazz, Boston Celtics Pete Maravich
50%
No matching quizzes found
Score Distribution
Percent of People with Each Score
Percentile by Number Answered
Your Score History
You have not taken this quiz